000 004770000a22001690004500
003 MACL
005 20151229165058.0
008 151229b xxu||||| |||| 00| 0 eng d
040 _aMACL
_cMACL
041 _aEnglish
082 _a252/MAC
100 _aMacColl, Malcolm
_924312
245 _aLife Here and Hereafter
_bSermons Preached in Ripon Cathedral and Elsewhere
260 _bLongman's Green & Co.
_c1894
_aLondon
650 _aReligion
_924313
942 _cBK
_k252/MAC
_2ddc
999 _c38347
_d38347